000 01525nam a2200373 a 4500
001 ebr10178137
003 CaPaEBR
006 m u
007 cr cn|||||||||
008 050502s2006 nyua sbd 001 0 eng
010 _z 2005012793
015 _aGBA606145
_2bnb
016 7 _z013360072
_2Uk
020 _z0765612313 (alk. paper)
020 _z9780765612311
040 _aCaPaEBR
_cCaPaEBR
035 _a(OCoLC)166883407
050 1 4 _aPE3724.O3
_bH84 2006eb
082 0 4 _a427/.09
_222
100 1 _aHughes, Geoffrey,
_d1939-
245 1 3 _aAn encyclopedia of swearing
_h[electronic resource] :
_bthe social history of oaths, profanity, foul language, and ethnic slurs in the English-speaking world /
_cGeoffrey Hughes.
260 _aArmonk, N.Y. :
_bM.E. Sharpe,
_cc2006.
300 _axxv, 573 p. :
_bill.
504 _aIncludes bibliographical references (p. 521-522) and index.
533 _aElectronic reproduction.
_bPalo Alto, Calif. :
_cebrary,
_d2013.
_nAvailable via World Wide Web.
_nAccess may be limited to ebrary affiliated libraries.
650 0 _aEnglish language
_xObscene words
_vDictionaries.
650 0 _aEnglish language
_xSlang
_vDictionaries.
650 0 _aBlessing and cursing
_vDictionaries.
650 0 _aInvective
_vDictionaries.
650 0 _aSwearing
_vDictionaries.
655 7 _aElectronic books.
_2local
710 2 _aebrary, Inc.
856 4 0 _uhttp://site.ebrary.com/lib/rucke/Doc?id=10178137
_zAn electronic book accessible through the World Wide Web; click to view
999 _c236758
_d236758